[Event "IRL-chT"]
[Site "Dublin"]
[Date "2019.04.07"]
[Round "4.3"]
[White "Joyce, John"]
[Black "Fox, Anthony"]
[Result "0-1"]
[WhiteElo "2034"]
[BlackElo "2031"]
[PlyCount "80"]
[EventDate "2019.04.05"]
[EventType "team-swiss"]
[EventRounds "5"]
[EventCountry "IRL"]
[SourceTitle "CBM 189 Extra"]
[Source "ChessBase"]
[SourceDate "2019.06.03"]
[SourceVersion "1"]
[SourceVersionDate "2019.06.03"]
[SourceQuality "1"]
[WhiteTeam "Bray"]
[BlackTeam "Dun Laoghaire"]
[WhiteTeamCountry "IRL"]
[BlackTeamCountry "IRL"]

1. Nf3 d5 2. e3 Nf6 3. b3 e6 4. Bb2 Be7 5. Be2 0-0 6. 0-0 c5 7. Ne5 Nc6 8. Nxc6 bxc6 9. d3 a5 10. a4 Nd7 11. Nd2 Bf6 12. Qc1 Bxb2 13. Qxb2 e5 14. f4 Qe7 15. e4 exf4 16. Rxf4 Qe5 17. Qxe5 Nxe5 18. Nf3 Ng6 19. Rf5 Bxf5 20. exf5 Nf4 21. Bf1 Rfe8 22. Kf2 Ra7 23. Rd1 Nh5 24. Rd2 Nf6 25. h3 h6 26. Rd1 Kf8 27. Rd2 Rc7 28. Rd1 Rcc8 29. Rc1 Nd7 30. Be2 Ne5 31. Nxe5 Rxe5 32. g4 Ke7 33. Bf3 g6 34. fxg6 fxg6 35. Rd1 Kd6 36. Rd2 Rf8 37. Rd1 Re6 38. Kg2 Re3 39. Rf1 Rf6 40. Rf2 Ke5 0-1

[Event "EU-Cup 25th"]
[Site "Ohrid"]
[Date "2009.10.09"]
[Round "6.3"]
[White "Townsend, M Paul"]
[Black "Joyce, John"]
[Result "1/2-1/2"]
[WhiteElo "2186"]
[BlackElo "2243"]
[PlyCount "21"]
[EventDate "2009.10.04"]
[EventType "team-swiss"]
[EventRounds "7"]
[EventCountry "MKD"]
[SourceTitle "CBM 133"]
[Source "ChessBase"]
[SourceDate "2009.11.19"]
[SourceVersion "1"]
[SourceVersionDate "2009.11.19"]
[SourceQuality "1"]
[WhiteTeam "White Rose"]
[BlackTeam "Ennis"]
[WhiteTeamCountry "ENG"]
[BlackTeamCountry "IRL"]

1. d4 Nf6 2. c4 e6 3. g3 c5 4. Nf3 cxd4 5. Nxd4 Bb4+ 6. Nc3 0-0 7. Bg2 d5 8. cxd5 Nxd5 9. Bd2 Bxc3 10. bxc3 e5 11. Nb3 1/2-1/2

[Event "IRL-ch"]
[Site "Limerick"]
[Date "2004.07.18"]
[Round "9"]
[White "Ryan, Joseph"]
[Black "Joyce, John"]
[Result "1-0"]
[WhiteElo "2286"]
[BlackElo "2271"]
[PlyCount "97"]
[EventDate "2004.07.10"]
[EventType "swiss"]
[EventRounds "9"]
[EventCountry "IRL"]
[SourceTitle "EXT 2012"]
[Source "ChessBase"]
[SourceDate "2011.11.24"]
[SourceVersion "1"]
[SourceVersionDate "2011.11.24"]
[SourceQuality "1"]

1. e4 c6 2. d4 d6 3. Nc3 Qc7 4. h3 e5 5. Nf3 Nf6 6. a4 Be7 7. Bc4 0-0 8. 0-0 b6 9. Re1 a6 10. b3 Bb7 11. d5 Nbd7 12. Bg5 Rfe8 13. dxc6 Bxc6 14. Bxf6 Nxf6 15. Nd5 Nxd5 16. Bxd5 b5 17. c4 bxc4 18. Rc1 Bxd5 19. Qxd5 c3 20. Re3 Rac8 21. Rc2 h6 22. h4 a5 23. g3 Red8 24. Kg2 Bf6 25. Nh2 h5 26. Nf3 Qc5 27. Qxc5 Rxc5 28. Rcxc3 Rdc8 29. Rxc5 Rxc5 30. Rd3 Be7 31. Nd2 f5 32. exf5 d5 33. Nb1 e4 34. Rc3 d4 35. Rxc5 Bxc5 36. Nd2 e3 37. fxe3 dxe3 38. Nf3 Kf7 39. Ng5+ Ke7 40. Kf3 Bd4 41. Ne6 e2 42. Kxe2 Be5 43. Nf4 Kf6 44. Nxh5+ Kxf5 45. Kf3 Ke6 46. Ke4 Kd6 47. Nf4 Ba1 48. Nd3 Bf6 49. b4 1-0

[Event "IRL-ch"]
[Site "Limerick"]
[Date "2004.07.12"]
[Round "3"]
[White "Jessel, Stephen"]
[Black "Joyce, John"]
[Result "0-1"]
[WhiteElo "2205"]
[BlackElo "2271"]
[PlyCount "112"]
[EventDate "2004.07.10"]
[EventType "swiss"]
[EventRounds "9"]
[EventCountry "IRL"]
[SourceTitle "EXT 2012"]
[Source "ChessBase"]
[SourceDate "2011.11.24"]
[SourceVersion "1"]
[SourceVersionDate "2011.11.24"]
[SourceQuality "1"]

1. e4 c5 2. Nf3 e6 3. d4 cxd4 4. Nxd4 a6 5. c4 Nf6 6. Nc3 Qc7 7. a3 Nc6 8. Be3 Ne5 9. Be2 d6 10. Rc1 Be7 11. 0-0 0-0 12. b4 b6 13. Kh1 Ng6 14. Qd2 Bb7 15. f3 Rac8 16. Rfd1 Qb8 17. Na4 Nd7 18. Bf1 Bd8 19. Nxe6 fxe6 20. Qxd6 Rf7 21. Nxb6 Nxb6 22. Bxb6 Bg5 23. Rc3 Bf4 24. Qxb8 Bxb8 25. Be3 Ne5 26. c5 Nc6 27. Bc4 Re7 28. Bg5 Ree8 29. Rd7 Rc7 30. Rd6 Kf7 31. f4 h6 32. Bh4 g5 33. fxg5 hxg5 34. Bxg5 Ne5 35. Bxa6 Kg6 36. h4 Bxe4 37. Re3 Kf5 38. Rd4 Ra7 39. Rdxe4 Rxa6 40. Rf4+ Kg6 41. g4 Nf7 42. h5+ Kxg5 43. Rxf7 Kxg4 44. b5 Ra4 45. Rg7+ Kf4 46. Rh3 Be5 47. Rg1 Bd4 48. Rh4+ Kf3 49. h6 Bxg1 50. Rxa4 Bxc5 51. Rc4 Be3 52. h7 Kg3 53. Rc3 Kf3 54. Rc7 Rd8 55. Kh2 Bf4+ 56. Kh3 Bxc7 0-1

[Event "IRL-ch"]
[Site "Limerick"]
[Date "2004.07.11"]
[Round "2"]
[White "Joyce, John"]
[Black "Orr, Mark JL"]
[Result "1/2-1/2"]
[WhiteElo "2271"]
[BlackElo "2349"]
[PlyCount "75"]
[EventDate "2004.07.10"]
[EventType "swiss"]
[EventRounds "9"]
[EventCountry "IRL"]
[SourceTitle "EXT 2012"]
[Source "ChessBase"]
[SourceDate "2011.11.24"]
[SourceVersion "1"]
[SourceVersionDate "2011.11.24"]
[SourceQuality "1"]

1. d4 Nf6 2. Bg5 d5 3. Bxf6 exf6 4. e3 Bd6 5. Nd2 0-0 6. g3 Be6 7. Bg2 c6 8. Ne2 Qd7 9. 0-0 Bh3 10. Bxh3 Qxh3 11. c4 dxc4 12. Nxc4 Qd7 13. Nxd6 Qxd6 14. Qb3 Qd7 15. Rfd1 Na6 16. d5 c5 17. Nc3 b6 18. Qb5 Qb7 19. Rd2 Rfd8 20. Rad1 Nc7 21. Qc4 Ne8 22. d6 Rd7 23. Qf4 Rad8 24. Ne4 Qc6 25. g4 c4 26. Rd5 b5 27. a3 a5 28. h4 b4 29. Rc5 Qa4 30. Rd4 bxa3 31. bxa3 Qxa3 32. Rdxc4 h6 33. Ra4 Qb3 34. Rcxa5 Nxd6 35. Ra8 Qb1+ 36. Kg2 Nxe4 37. Rxd8+ Rxd8 38. Qxe4 1/2-1/2

[Event "IRL-ch"]
[Site "Greystones"]
[Date "2002.07.12"]
[Round "7"]
[White "Joyce, John"]
[Black "Dempsey, Paul"]
[Result "1-0"]
[WhiteElo "2221"]
[BlackElo "2133"]
[PlyCount "32"]
[EventDate "2002.07.06"]
[EventType "swiss"]
[EventRounds "9"]
[EventCountry "IRL"]
[SourceTitle "EXT 2006"]
[Source "ChessBase"]
[SourceDate "2005.11.24"]
[SourceVersion "1"]
[SourceVersionDate "2005.11.24"]
[SourceQuality "1"]

1. Nf3 c5 2. e3 Nf6 3. b3 g6 4. Bb2 Bg7 5. d4 0-0 6. Bd3 b6 7. 0-0 Bb7 8. Nbd2 Nc6 9. a3 d5 10. Qe2 Rc8 11. Rfd1 cxd4 12. exd4 Qc7 13. c4 dxc4 14. Bxc4 Nh5 15. Qd3 Rfd8 16. Rab1 Nf4 1-0

[Event "IRL-ch"]
[Site "Greystones"]
[Date "2002.07.08"]
[Round "3"]
[White "Collins, Sam E"]
[Black "Joyce, John"]
[Result "1/2-1/2"]
[WhiteElo "2313"]
[BlackElo "2221"]
[PlyCount "42"]
[EventDate "2002.07.06"]
[EventType "swiss"]
[EventRounds "9"]
[EventCountry "IRL"]
[SourceTitle "EXT 2006"]
[Source "ChessBase"]
[SourceDate "2005.11.24"]
[SourceVersion "1"]
[SourceVersionDate "2005.11.24"]
[SourceQuality "1"]

1. e4 e5 2. Nf3 Nc6 3. d4 exd4 4. Nxd4 g6 5. Nc3 Bg7 6. Be3 Nge7 7. Qd2 0-0 8. Nxc6 Nxc6 9. Bh6 d6 10. h4 Be6 11. Bxg7 Kxg7 12. h5 g5 13. h6+ Kh8 14. 0-0-0 Qf6 15. f3 Rg8 16. Bd3 Ne5 17. Nb5 Rac8 18. a3 a6 19. Nd4 c5 20. Nxe6 fxe6 21. Be2 Nf7 1/2-1/2

[Event "IRL-ch"]
[Site "Dublin"]
[Date "1997.07.12"]
[Round "1"]
[White "Clarke, Thomas M"]
[Black "Joyce, John"]
[Result "0-1"]
[WhiteElo "2210"]
[BlackElo "2205"]
[PlyCount "48"]
[EventDate "1997.07.12"]
[EventType "swiss"]
[EventRounds "9"]
[EventCountry "IRL"]
[SourceTitle "CBM 059 Extra"]
[Source "ChessBase"]
[SourceDate "1997.09.26"]
[SourceVersion "1"]
[SourceVersionDate "1997.09.26"]
[SourceQuality "1"]

1. d4 c5 2. d5 e5 3. e4 d6 4. f4 exf4 5. Bxf4 Ne7 6. Nf3 Ng6 7. Bg3 Be7 8. Bb5+ Nd7 9. Nbd2 0-0 10. a4 Nf6 11. a5 Nh5 12. Bf2 Nhf4 13. g3 Nh3 14. Nc4 Bd7 15. Bxd7 Qxd7 16. Be3 Rae8 17. Qd3 f5 18. e5 dxe5 19. Nfxe5 Nxe5 20. Nxe5 Qc7 21. Nc4 f4 22. Qf1 Qd7 23. gxf4 Qxd5 24. Ne5 Nxf4 0-1

[Event "Dublin"]
[Site "Dublin"]
[Date "1995.??.??"]
[Round "9"]
[White "Baburin, Alexander"]
[Black "Joyce, John"]
[Result "1/2-1/2"]
[WhiteElo "2490"]
[BlackElo "2205"]
[PlyCount "150"]
[EventDate "1995.??.??"]
[EventType "tourn"]
[EventRounds "9"]
[EventCountry "IRL"]
[EventCategory "3"]
[SourceTitle "CBM 046 Extra"]
[Source "ChessBase"]
[SourceDate "1995.07.01"]
[SourceVersion "1"]
[SourceVersionDate "1995.07.01"]
[SourceQuality "1"]

1. d4 Nf6 2. c4 e6 3. Nc3 Bb4 4. Qc2 d5 5. a3 Bxc3+ 6. Qxc3 Ne4 7. Qc2 Nc6 8. Nf3 0-0 9. e3 Re8 10. b4 Ng5 11. Be2 dxc4 12. Qxc4 e5 13. d5 Nxf3+ 14. Bxf3 Ne7 15. Bb2 Nf5 16. 0-0 Nd6 17. Qb3 Qg5 18. Rfc1 Re7 19. a4 Nf5 20. g3 Nh4 21. Bh1 e4 22. Rc4 Bf5 23. Rac1 Rd8 24. Rxc7 Rxc7 25. Rxc7 Qg4 26. Rc1 Nf3+ 27. Bxf3 exf3 28. Qc4 Qxc4 29. Rxc4 Rxd5 30. Bd4 h6 31. Rc7 Rd7 32. Rc5 Be6 33. Kf1 a6 34. Ke1 Bb3 35. a5 Ba4 36. g4 Bc6 37. Kd2 Rd5 38. h3 Rxc5 39. Bxc5 Be4 40. Kc3 g6 41. Kd4 f5 42. Ke5 Kf7 43. Kf4 Kg7 44. h4 Bc2 45. gxf5 gxf5 46. Kxf3 Bd1+ 47. Kf4 Kf6 48. Bb6 Ke6 49. Bd4 Be2 50. Bg7 h5 51. Bd4 Bd1 52. Kg5 Bf3 53. Kg6 Bg4 54. Bc3 Kd5 55. Kf6 Ke4 56. Bd4 Be2 57. Bc5 Bd1 58. Bd6 Be2 59. Bf4 Bd1 60. Ke6 Be2 61. Kd6 Bb5 62. Bg5 Ba4 63. Kc5 Kf3 64. Kd4 Kxf2 65. Ke5 Kf3 66. Kxf5 Bc6 67. Bf4 Bd7+ 68. Ke5 Bc6 69. Kf6 Ke4 70. Bg5 Bd7 71. Ke7 Bg4 72. Kd6 Kf5 73. b5 Bf3 74. b6 Be4 75. Bf4 Bh1 1/2-1/2

[Event "Dublin"]
[Site "Dublin"]
[Date "1995.??.??"]
[Round "2"]
[White "Joyce, John"]
[Black "Daly, Colm"]
[Result "1/2-1/2"]
[WhiteElo "2205"]
[BlackElo "2210"]
[PlyCount "97"]
[EventDate "1995.??.??"]
[EventType "tourn"]
[EventRounds "9"]
[EventCountry "IRL"]
[EventCategory "3"]
[SourceTitle "CBM 046 Extra"]
[Source "ChessBase"]
[SourceDate "1995.07.01"]
[SourceVersion "1"]
[SourceVersionDate "1995.07.01"]
[SourceQuality "1"]

1. d4 Nf6 2. c4 g6 3. Nc3 Bg7 4. e4 d6 5. f4 0-0 6. Nf3 Na6 7. Be2 e5 8. fxe5 dxe5 9. d5 c6 10. Bg5 h6 11. Bh4 Qb6 12. Qb3 Qxb3 13. axb3 Ng4 14. 0-0 f5 15. Nd2 Bf6 16. Bxf6 Nxf6 17. Nf3 Re8 18. exf5 gxf5 19. dxc6 bxc6 20. Nh4 f4 21. g3 Rb8 22. gxf4 e4 23. Ng2 Kh8 24. Ra3 Rg8 25. Kf2 Nc5 26. Ne3 a6 27. Rg1 Rxg1 28. Kxg1 Nxb3 29. Kf2 Nc5 30. Ned1 Ng4+ 31. Bxg4 Bxg4 32. Ra5 Nd3+ 33. Ke3 Bxd1 34. Nxd1 Nxb2 35. Nxb2 Rxb2 36. Rxa6 Rxh2 37. Rxc6 Kg7 38. Kxe4 h5 39. Kf5 Rg2 40. Rc7+ Kg8 41. Ke4 h4 42. Rc5 h3 43. Rh5 h2 44. Kd5 Kf7 45. f5 Ke7 46. Kc6 Rc2 47. c5 Rf2 48. Kb6 Rb2+ 49. Kc7 1/2-1/2

[Event "Dublin"]
[Site "Dublin"]
[Date "1995.??.??"]
[Round "5"]
[White "King, Daniel J"]
[Black "Joyce, John"]
[Result "1/2-1/2"]
[WhiteElo "2500"]
[BlackElo "2205"]
[PlyCount "46"]
[EventDate "1995.??.??"]
[EventType "tourn"]
[EventRounds "9"]
[EventCountry "IRL"]
[EventCategory "3"]
[SourceTitle "CBM 046 Extra"]
[Source "ChessBase"]
[SourceDate "1995.07.01"]
[SourceVersion "1"]
[SourceVersionDate "1995.07.01"]
[SourceQuality "1"]

1. g3 e5 2. Bg2 Nf6 3. c4 d5 4. cxd5 Nxd5 5. Nf3 Nc6 6. 0-0 Be7 7. d4 e4 8. Ne5 f5 9. Nxc6 bxc6 10. Nd2 0-0 11. Nc4 c5 12. dxc5 Bxc5 13. Bg5 Nf6 14. Qc2 Be6 15. Rac1 h6 16. Bf4 Qe8 17. Na5 Bb6 18. Nc6 Nd5 19. Be5 Bd7 20. Bf4 Nxf4 21. gxf4 Bxc6 22. Qxc6 Qxc6 23. Rxc6 Rad8 1/2-1/2

[Event "IRL-ch"]
[Site "Armagh"]
[Date "1994.??.??"]
[Round "4"]
[White "Joyce, John"]
[Black "O'Cinneide, Mel"]
[Result "1-0"]
[WhiteElo "2185"]
[BlackElo "2270"]
[PlyCount "103"]
[EventDate "1994.??.??"]
[EventType "swiss"]
[EventRounds "9"]
[EventCountry "IRL"]
[SourceTitle "EXT 1998"]
[Source "ChessBase"]
[SourceDate "1997.11.17"]
[SourceVersion "1"]
[SourceVersionDate "1997.11.17"]
[SourceQuality "1"]

1. d4 Nf6 2. c4 e6 3. Nc3 Bb4 4. Bg5 c5 5. d5 d6 6. e3 exd5 7. cxd5 Nbd7 8. f3 h6 9. Bh4 Qe7 10. e4 0-0 11. Bd3 Ne5 12. Nge2 Re8 13. 0-0 Ng6 14. Bf2 Nh5 15. Qd2 Ne5 16. a3 Bxc3 17. Nxc3 Nxd3 18. Qxd3 Nf4 19. Qd2 Ng6 20. Rae1 b6 21. Bg3 Ba6 22. Rf2 Ne5 23. Bxe5 dxe5 24. f4 exf4 25. e5 Rad8 26. Qxf4 Bb7 27. Rd2 Qg5 28. Qxg5 hxg5 29. Kf2 Rd7 30. Kg3 Kh7 31. h4 Red8 32. d6 gxh4+ 33. Kxh4 Bc6 34. Red1 Kg6 35. Kg4 Rh8 36. Kf4 Rh4+ 37. g4 Rh3 38. Rd3 Rh2 39. R1d2 Rh1 40. Rd1 Rh2 41. R1d2 Rh1 42. Nd5 Rf1+ 43. Kg3 Kg5 44. Rd1 Rxd1 45. Rxd1 Rd8 46. Nc7 Bd7 47. Rf1 Kg6 48. Nd5 Rf8 49. Nf4+ Kh7 50. g5 Rd8 51. Rh1+ Kg8 52. Nd5 1-0